[Event "Wolrd Chess Olympiad 2018"]
[Site "Batumi"]
[Date "2018.10.01"]
[Round "7"]
[Board "3"]
[WhiteFideId "31000118"]
[White "Orio Rogelio L."]
[BlackFideId "14317265"]
[Black "Mohatlane Liteboho"]
[Result "0-1"]
[LiveChessVersion "1.4.8"]
[BlackElo "1655"]
[WhiteElo "1793"]

1. d4 {[%clk 1:30:30]} d5 {[%clk 1:30:53]} 2. Bf4 {[%clk 1:27:13]} c5
{[%clk 1:30:26]} 3. e3 {[%clk 1:27:25]} Nc6 {[%clk 1:30:41]} 4. c3
{[%clk 1:27:33]} e6 {[%clk 1:30:39]} 5. Nf3 {[%clk 1:27:48]} Nf6 {[%clk 1:30:49]}
6. Nbd2 {[%clk 1:27:50]} Bd6 {[%clk 1:29:09]} 7. Bg3 {[%clk 1:27:46]} O-O
{[%clk 1:27:06]} 8. Bd3 {[%clk 1:27:58]} a5 {[%clk 1:27:01]} 9. Ne5
{[%clk 1:28:06]} Qc7 {[%clk 1:18:24]} 10. f4 {[%clk 1:27:40]} h5 {[%clk 1:12:38]}
11. O-O {[%clk 1:27:26]} c4 {[%clk 1:05:13]} 12. Bc2 {[%clk 1:27:44]} g6
{[%clk 0:53:13]} 13. Bh4 {[%clk 1:27:08]} Nh7 {[%clk 0:50:39]} 14. g4
{[%clk 1:25:07]} hxg4 {[%clk 0:47:56]} 15. Nxg4 {[%clk 1:25:15]} Be7
{[%clk 0:47:33]} 16. Bg3 {[%clk 1:24:08]} Qd8 {[%clk 0:45:57]} 17. Nf3
{[%clk 1:22:35]} Nf6 {[%clk 0:42:29]} 18. Nfe5 {[%clk 1:19:55]} Kg7
{[%clk 0:38:33]} 19. Kh1 {[%clk 1:17:15]} Rh8 {[%clk 0:38:12]} 20. Qf3
{[%clk 1:15:51]} Nh5 {[%clk 0:35:59]} 21. Bf2 {[%clk 1:15:08]} Bh4
{[%clk 0:35:43]} 22. Qg2 {[%clk 1:13:19]} Bxf2 {[%clk 0:33:00]} 23. Rxf2
{[%clk 1:13:30]} Ne7 {[%clk 0:33:14]} 24. Nxf7 {[%clk 1:09:31]} Kxf7
{[%clk 0:31:37]} 25. Ne5+ {[%clk 1:09:46]} Kf8 {[%clk 0:27:24]} 26. Rg1
{[%clk 1:09:13]} Nf5 {[%clk 0:13:52]} 27. Nxg6+ {[%clk 1:08:27]} Kf7
{[%clk 0:14:03]} 28. Ne5+ {[%clk 1:04:10]} Kf8 {[%clk 0:13:36]} 29. Rf3
{[%clk 1:01:29]} Nh4 {[%clk 0:10:05]} 30. Ng6+ {[%clk 1:01:34]} Nxg6
{[%clk 0:10:20]} 31. Bxg6 {[%clk 1:01:20]} Nf6 {[%clk 0:06:52]} 32. Rg3
{[%clk 0:58:52]} Qe7 {[%clk 0:06:07]} 33. Bc2 {[%clk 0:45:26]} Qf7
{[%clk 0:05:06]} 34. Rg7 {[%clk 0:38:32]} Qh5 {[%clk 0:05:07]} 35. Rg6
{[%clk 0:36:41]} Ne4 {[%clk 0:03:24]} 36. Rg8+ {[%clk 0:36:01]} Rxg8
{[%clk 0:03:19]} 37. Qxg8+ {[%clk 0:36:27]} Ke7 {[%clk 0:03:42]} 38. Bxe4
{[%clk 0:33:54]} dxe4 {[%clk 0:04:08]} 39. Rg7+ {[%clk 0:34:04]} Kd6
{[%clk 0:04:17]} 40. Qf8+ {[%clk 1:04:16]} Kc6 {[%clk 0:34:36]} 41. f5
{[%clk 0:45:11]} Qf3+ {[%clk 0:32:47]} 42. Rg2 {[%clk 0:42:08]} Qxf5
{[%clk 0:26:50]} 43. Qe8+ {[%clk 0:41:22]} Kb6 {[%clk 0:26:54]} 44. Qd8+
{[%clk 0:40:28]} Ka7 {[%clk 0:26:53]} 45. h4 {[%clk 0:39:59]} b6 {[%clk 0:26:27]}
46. Qc7+ {[%clk 0:37:43]} Bb7 {[%clk 0:26:42]} 47. Rg7 {[%clk 0:36:42]} Rb8
{[%clk 0:26:54]} 48. Kh2 {[%clk 0:35:15]} Qf2+ {[%clk 0:26:51]} 49. Kh3
{[%clk 0:34:34]} Qxe3+ {[%clk 0:26:02]} 50. Rg3 {[%clk 0:34:48]} Qe2
{[%clk 0:25:53]} 51. b4 {[%clk 0:30:16]} axb4 {[%clk 0:26:03]} 52. cxb4
{[%clk 0:30:24]} Qf1+ {[%clk 0:25:11]} 53. Kh2 {[%clk 0:30:20]} e3
{[%clk 0:25:00]} 54. d5 {[%clk 0:29:29]} Rf8 {[%clk 0:24:16]} 55. Qg7
{[%clk 0:23:21]} Rf2+ {[%clk 0:24:04]} 56. Rg2 {[%clk 0:23:39]} e2
{[%clk 0:24:06]} 57. Rxf2 {[%clk 0:19:50]} Qxf2+ {[%clk 0:24:25]} 58. Kh3
{[%clk 0:20:16]} Qf3+ {[%clk 0:24:40]} 59. Qg3 {[%clk 0:19:42]} Qxg3+
{[%clk 0:24:39]} 60. Kxg3 {[%clk 0:20:10]} e1=Q+ 61. Kg4 Bxd5 {[%clk 0:19:21]}
62. a4 {[%clk 0:19:15]} c3 {[%clk 0:19:39]} 63. h5 {[%clk 0:18:50]} c2
{[%clk 0:19:56]} 64. a5 {[%clk 0:18:28]} b5 {[%clk 0:20:10]} 65. h6
{[%clk 0:18:14]} 0-1

[Event "Wolrd Chess Olympiad 2018"]
[Site "Batumi"]
[Date "2018.10.01"]
[Round "7"]
[Board "1"]
[WhiteFideId "1007220"]
[White "Croes Octavio"]
[BlackFideId "21400113"]
[Black "Mimbasa Kutesa Willy"]
[Result "1-0"]
[LiveChessVersion "1.4.8"]
[BlackElo "1760"]
[WhiteElo "1805"]

1. d4 {[%clk 1:30:56]} d5 {[%clk 1:30:23]} 2. Nf3 {[%clk 1:31:17]} Nc6
{[%clk 1:29:44]} 3. c4 {[%clk 1:30:09]} Bg4 {[%clk 1:29:09]} 4. cxd5
{[%clk 1:29:27]} Bxf3 {[%clk 1:27:56]} 5. gxf3 {[%clk 1:29:52]} Qxd5
{[%clk 1:27:24]} 6. e3 {[%clk 1:28:15]} O-O-O 7. Nc3 Qa5 {[%clk 1:24:29]} 8. Qa4
{[%clk 1:20:49]} e6 {[%clk 1:23:57]} 9. Qxa5 {[%clk 1:20:26]} Nxa5
{[%clk 1:24:07]} 10. Rg1 {[%clk 1:20:38]} g6 {[%clk 1:24:15]} 11. Bd2
{[%clk 1:18:34]} a6 {[%clk 1:23:57]} 12. Ne4 {[%clk 1:16:09]} Nc6
{[%clk 1:24:00]} 13. Rc1 {[%clk 1:15:23]} h6 {[%clk 1:22:23]} 14. Bc3
{[%clk 1:11:32]} Bb4 {[%clk 1:20:51]} 15. Bxb4 {[%clk 1:02:27]} Nxb4
{[%clk 1:21:05]} 16. a3 {[%clk 1:02:50]} Nd5 {[%clk 1:20:47]} 17. Rc5
{[%clk 0:51:30]} Ngf6 {[%clk 1:20:14]} 18. Bd3 {[%clk 0:51:35]} Nd7
{[%clk 1:19:42]} 19. Rc2 {[%clk 0:46:56]} g5 {[%clk 1:18:07]} 20. Nd6+
{[%clk 0:46:22]} Kb8 {[%clk 1:17:11]} 21. Nxf7 {[%clk 0:46:44]} c6
{[%clk 1:16:27]} 22. Nxh8 {[%clk 0:45:02]} Rxh8 {[%clk 1:16:35]} 23. h4
{[%clk 0:37:55]} Rg8 {[%clk 1:16:01]} 24. hxg5 {[%clk 0:37:28]} hxg5
{[%clk 1:16:20]} 25. f4 {[%clk 0:33:51]} g4 {[%clk 1:16:22]} 26. Ke2
{[%clk 0:34:07]} Kc7 {[%clk 1:16:18]} 27. Rcc1 {[%clk 0:33:43]} N7f6
{[%clk 1:15:33]} 28. Rg2 {[%clk 0:31:25]} Nh5 {[%clk 1:14:52]} 29. Rh2
{[%clk 0:26:50]} Ndf6 {[%clk 1:14:22]} 30. Rg1 {[%clk 0:23:55]} Kd6
{[%clk 1:13:07]} 31. Rgh1 {[%clk 0:19:21]} g3 {[%clk 1:13:12]} 32. Rg2
{[%clk 0:19:34]} Rh8 {[%clk 1:05:56]} 33. Kf3 {[%clk 0:18:59]} Rd8
{[%clk 1:00:37]} 34. fxg3 {[%clk 0:19:05]} c5 {[%clk 1:00:29]} 35. dxc5+
{[%clk 0:18:18]} Kxc5 {[%clk 1:00:37]} 36. Rc2+ {[%clk 0:18:35]} Kd6
{[%clk 1:00:07]} 37. Bg6 {[%clk 0:17:47]} Ng7 {[%clk 0:57:52]} 38. Rd1+
{[%clk 0:16:03]} Ke7 {[%clk 0:58:03]} 39. Rxd8 {[%clk 0:16:06]} Kxd8
{[%clk 0:58:11]} 40. e4 {[%clk 0:16:15]} Nge8 {[%clk 0:57:57]} 41. Bxe8
{[%clk 0:45:32]} Nxe8 {[%clk 1:28:09]} 42. e5 {[%clk 0:45:44]} Nc7
{[%clk 1:28:21]} 43. Ke4 {[%clk 0:45:16]} Ne8 {[%clk 1:26:30]} 44. g4
{[%clk 0:45:30]} Kd7 {[%clk 1:26:48]} 45. f5 {[%clk 0:45:40]} exf5+
{[%clk 1:26:47]} 46. gxf5 {[%clk 0:46:03]} b6 {[%clk 1:26:28]} 47. Kd5
{[%clk 0:45:37]} Ng7 {[%clk 1:26:17]} 48. e6+ {[%clk 0:45:24]} Kd8
{[%clk 1:26:13]} 49. f6 {[%clk 0:45:19]} Nf5 {[%clk 1:26:17]} 50. Rh2
{[%clk 0:44:49]} b5 {[%clk 1:24:42]} 51. Rh7 {[%clk 0:44:34]} a5 {[%clk 1:24:43]}
52. Rd7+ {[%clk 0:43:08]} Ke8 {[%clk 1:23:34]} 53. f7+ {[%clk 0:42:56]} Kf8
{[%clk 1:23:33]} 54. Rd8+ {[%clk 0:43:19]} 1-0

[Event "Wolrd Chess Olympiad 2018"]
[Site "Batumi"]
[Date "2018.10.01"]
[Round "7"]
[Board "2"]
[WhiteFideId "21400067"]
[White "Esungi Guy Botetsi"]
[BlackFideId "15900037"]
[Black "Pesqueira Jose"]
[Result "0-1"]
[LiveChessVersion "1.4.8"]
[BlackElo "1801"]
[WhiteElo "1495"]

1. d4 {[%clk 1:30:18]} f5 {[%clk 1:30:42]} 2. c4 {[%clk 1:29:42]} Nf6
{[%clk 1:30:57]} 3. Nc3 {[%clk 1:28:49]} e6 {[%clk 1:31:02]} 4. Nf3
{[%clk 1:27:17]} d5 {[%clk 1:28:05]} 5. e3 {[%clk 1:25:58]} c6 {[%clk 1:27:19]}
6. Be2 {[%clk 1:24:39]} Bd6 {[%clk 1:22:43]} 7. Bd2 {[%clk 1:21:17]} O-O
{[%clk 1:21:54]} 8. Qc2 {[%clk 1:19:51]} Ne4 {[%clk 1:17:35]} 9. Nxe4
{[%clk 1:18:50]} fxe4 {[%clk 1:17:49]} 10. c5 {[%clk 1:16:21]} exf3
{[%clk 1:13:11]} 11. Bxf3 {[%clk 1:14:34]} Bc7 {[%clk 1:07:07]} 12. O-O-O
{[%clk 1:08:51]} Qf6 {[%clk 0:44:58]} 13. h4 {[%clk 1:07:47]} e5 {[%clk 0:25:09]}
14. dxe5 {[%clk 0:58:53]} Bxe5 {[%clk 0:24:56]} 15. Bc3 {[%clk 0:58:18]} Bxc3
{[%clk 0:24:22]} 16. Qxc3 {[%clk 0:53:39]} Qxc3+ {[%clk 0:24:43]} 17. bxc3
{[%clk 0:53:54]} Na6 {[%clk 0:23:30]} 18. Rdf1 {[%clk 0:47:25]} Nxc5
{[%clk 0:23:29]} 19. h5 {[%clk 0:44:28]} Bf5 {[%clk 0:20:28]} 20. h6
{[%clk 0:42:41]} g6 {[%clk 0:20:42]} 21. Kd2 {[%clk 0:33:42]} Rae8
{[%clk 0:17:20]} 22. Rh2 {[%clk 0:25:09]} Re7 {[%clk 0:15:20]} 23. Rg1
{[%clk 0:22:44]} Be4 {[%clk 0:12:34]} 24. Rh3 {[%clk 0:20:42]} Ref7
{[%clk 0:10:29]} 25. Rf1 {[%clk 0:16:30]} Bxf3 {[%clk 0:09:50]} 26. gxf3
{[%clk 0:16:15]} Rxf3 {[%clk 0:10:08]} 27. Rxf3 {[%clk 0:14:51]} Rxf3
{[%clk 0:10:36]} 28. Ke2 {[%clk 0:13:24]} Rh3 {[%clk 0:11:02]} 29. Rg1
{[%clk 0:11:47]} Rxh6 {[%clk 0:11:26]} 30. Rg5 {[%clk 0:11:53]} Kf7
{[%clk 0:11:09]} 31. Rg1 {[%clk 0:11:43]} Rh2 {[%clk 0:10:55]} 32. Kf3
{[%clk 0:11:18]} Ne4 {[%clk 0:10:58]} 33. Rg2 {[%clk 0:10:45]} Rxg2
{[%clk 0:11:25]} 34. Kxg2 {[%clk 0:10:58]} Nxc3 {[%clk 0:11:53]} 35. a3
{[%clk 0:11:05]} a5 {[%clk 0:12:08]} 0-1

[Event "Wolrd Chess Olympiad 2018"]
[Site "Batumi"]
[Date "2018.10.01"]
[Round "7"]
[Board "1"]
[WhiteFideId "9700072"]
[White "Chinasamy Devarajen"]
[BlackFideId "16100212"]
[Black "Ali Abdullahi Farah"]
[Result "0-1"]
[LiveChessVersion "1.4.8"]
[BlackElo "2000"]
[WhiteElo "1993"]

1. d4 {[%clk 1:30:55]} g6 {[%clk 1:30:56]} 2. Bf4 {[%clk 1:31:18]} d6
{[%clk 1:30:59]} 3. Nc3 {[%clk 1:31:03]} Bg7 {[%clk 1:31:16]} 4. Nf3
{[%clk 1:31:17]} Nf6 {[%clk 1:31:42]} 5. e4 {[%clk 1:31:23]} Nbd7
{[%clk 1:31:22]} 6. Qd2 {[%clk 1:31:19]} c5 {[%clk 1:30:58]} 7. d5
{[%clk 1:30:36]} a6 {[%clk 1:31:21]} 8. a4 {[%clk 1:30:31]} Rb8 {[%clk 1:30:50]}
9. Be2 {[%clk 1:25:45]} O-O {[%clk 1:30:48]} 10. a5 {[%clk 1:23:28]} b6
{[%clk 1:30:35]} 11. axb6 {[%clk 1:22:09]} Rxb6 {[%clk 1:29:24]} 12. Ra2
{[%clk 1:20:21]} Qc7 {[%clk 1:20:33]} 13. O-O {[%clk 1:19:03]} Rb4
{[%clk 1:16:34]} 14. Bd3 {[%clk 1:16:14]} c4 {[%clk 1:13:10]} 15. Be2
{[%clk 1:16:37]} Nc5 {[%clk 1:12:00]} 16. e5 {[%clk 1:15:00]} Nh5
{[%clk 1:09:20]} 17. exd6 {[%clk 1:14:11]} exd6 {[%clk 1:09:49]} 18. Bh6
{[%clk 1:13:12]} Re8 {[%clk 1:02:23]} 19. Bxg7 {[%clk 1:13:12]} Nxg7
{[%clk 1:02:31]} 20. Nd4 {[%clk 1:11:02]} Bd7 {[%clk 0:58:03]} 21. Bf3
{[%clk 1:09:01]} Rbb8 {[%clk 0:49:29]} 22. h3 {[%clk 1:06:58]} Nf5
{[%clk 0:48:49]} 23. Nc6 {[%clk 0:57:49]} Nh4 {[%clk 0:44:20]} 24. Be2
{[%clk 0:47:17]} Bxc6 {[%clk 0:44:15]} 25. dxc6 {[%clk 0:47:33]} Qxc6
{[%clk 0:44:44]} 26. f3 {[%clk 0:45:08]} d5 {[%clk 0:44:14]} 27. Rd1
{[%clk 0:39:42]} Rbd8 {[%clk 0:42:24]} 28. Bf1 {[%clk 0:36:09]} d4
{[%clk 0:41:26]} 29. Nb1 {[%clk 0:29:55]} Nf5 {[%clk 0:39:30]} 30. Qf4
{[%clk 0:28:18]} Ne6 {[%clk 0:37:02]} 31. Qd2 {[%clk 0:27:06]} Ne3
{[%clk 0:35:23]} 32. Re1 {[%clk 0:26:10]} Qd6 {[%clk 0:29:14]} 33. Na3
{[%clk 0:24:30]} Qg3 {[%clk 0:24:19]} 34. Qf2 Qg5 35. h4 {[%clk 0:12:40]} Qc5
{[%clk 0:22:05]} 36. Raa1 {[%clk 0:10:04]} Nf4 {[%clk 0:18:06]} 37. Rac1
{[%clk 0:07:42]} Nxf1 {[%clk 0:17:33]} 38. Kxf1 {[%clk 0:06:52]} c3
{[%clk 0:17:18]} 39. b4 {[%clk 0:01:51]} Qxb4 {[%clk 0:16:44]} 40. Ra1
{[%clk 0:32:02]} d3 {[%clk 0:43:20]} 41. Rxe8+ {[%clk 0:21:06]} Rxe8
{[%clk 0:43:09]} 42. cxd3 {[%clk 0:21:14]} Nxd3 {[%clk 0:39:08]} 43. Qc2
{[%clk 0:18:08]} Qxh4 {[%clk 0:38:49]} 44. Kg1 {[%clk 0:18:29]} Qd4+
{[%clk 0:38:28]} 45. Kf1 {[%clk 0:17:24]} Nf4 {[%clk 0:36:17]} 46. Rd1
{[%clk 0:16:29]} 0-1

[Event "Wolrd Chess Olympiad 2018"]
[Site "Batumi"]
[Date "2018.10.01"]
[Round "7"]
[Board "2"]
[WhiteFideId "16100352"]
[White "Mohamud Hussein Ali"]
[BlackFideId "9700250"]
[Black "Raimbert Ronald"]
[Result "1/2-1/2"]
[LiveChessVersion "1.4.8"]
[BlackElo "1747"]
[WhiteElo "1694"]

1. d4 {[%clk 1:30:51]} Nf6 {[%clk 1:30:56]} 2. c4 {[%clk 1:31:15]} g6
{[%clk 1:31:24]} 3. Nc3 {[%clk 1:31:21]} d5 {[%clk 1:31:53]} 4. cxd5
{[%clk 1:30:45]} Nxd5 {[%clk 1:32:21]} 5. e4 {[%clk 1:30:41]} Nxc3
{[%clk 1:32:49]} 6. bxc3 {[%clk 1:31:01]} Bg7 {[%clk 1:33:15]} 7. Nf3
{[%clk 1:30:37]} O-O {[%clk 1:33:34]} 8. Bc4 {[%clk 1:29:52]} c5 {[%clk 1:33:47]}
9. h3 {[%clk 1:26:37]} Nc6 {[%clk 1:31:23]} 10. Be3 {[%clk 1:26:19]} Qa5
{[%clk 1:30:04]} 11. Bd2 {[%clk 1:20:44]} Qc7 12. d5 Na5 {[%clk 1:22:23]} 13. Be2
{[%clk 1:17:12]} b6 {[%clk 1:17:46]} 14. Rb1 {[%clk 1:15:09]} e6 {[%clk 1:16:12]}
15. c4 {[%clk 1:14:37]} exd5 {[%clk 1:14:09]} 16. cxd5 {[%clk 1:10:17]} Nb7
{[%clk 1:08:49]} 17. O-O {[%clk 1:07:48]} Re8 {[%clk 0:58:19]} 18. Bd3
{[%clk 1:03:29]} Bd7 {[%clk 0:56:11]} 19. Qb3 {[%clk 0:58:05]} c4
{[%clk 0:47:19]} 20. Bxc4 {[%clk 0:41:47]} Nc5 {[%clk 0:47:21]} 21. Qc2
{[%clk 0:41:33]} Rac8 {[%clk 0:41:10]} 22. Ng5 {[%clk 0:30:36]} Ba4
{[%clk 0:33:39]} 23. Bb3 {[%clk 0:26:15]} Bxb3 {[%clk 0:33:54]} 24. axb3
{[%clk 0:26:34]} Nxe4 {[%clk 0:34:13]} 25. Qxc7 {[%clk 0:26:25]} Rxc7
{[%clk 0:34:42]} 26. Rfe1 {[%clk 0:23:09]} f5 {[%clk 0:27:34]} 27. f3
{[%clk 0:18:46]} Bd4+ {[%clk 0:27:25]} 28. Be3 {[%clk 0:12:52]} Nxg5
{[%clk 0:24:55]} 29. Bxd4 {[%clk 0:13:10]} Kf8 {[%clk 0:18:55]} 30. Be5
{[%clk 0:11:00]} Rd7 {[%clk 0:16:31]} 31. Rbd1 {[%clk 0:10:06]} Nf7
{[%clk 0:11:18]} 32. Bg7+ {[%clk 0:10:19]} Kxg7 {[%clk 0:11:29]} 33. Rxe8
{[%clk 0:10:39]} Kf6 {[%clk 0:11:38]} 34. Kf2 {[%clk 0:09:54]} Nd6
{[%clk 0:06:24]} 35. Re6+ {[%clk 0:09:36]} Kf7 {[%clk 0:06:53]} 36. Ke3
{[%clk 0:09:21]} Nb5 {[%clk 0:06:37]} 37. Rc6 {[%clk 0:09:02]} Nc7
{[%clk 0:04:21]} 38. d6 {[%clk 0:08:50]} Nb5 {[%clk 0:04:35]} 39. Kf4
{[%clk 0:07:38]} Kf6 {[%clk 0:03:41]} 40. h4 {[%clk 0:07:50]} h6 {[%clk 0:04:05]}
41. g4 {[%clk 0:37:16]} g5+ {[%clk 0:34:23]} 42. hxg5+ {[%clk 0:37:24]} hxg5+
{[%clk 0:34:52]} 43. Ke3 {[%clk 0:37:40]} f4+ {[%clk 0:35:03]} 44. Ke4
{[%clk 0:37:04]} Ke6 {[%clk 0:35:11]} 45. Rd5 {[%clk 0:35:12]} Rxd6
{[%clk 0:35:07]} 46. Re5+ {[%clk 0:33:32]} Kd7 {[%clk 0:35:36]} 47. Rxd6+
{[%clk 0:33:29]} Nxd6+ {[%clk 0:36:03]} 48. Kd5 {[%clk 0:33:24]} Nf7
{[%clk 0:33:40]} 49. Rf5 {[%clk 0:33:24]} Ke7 {[%clk 0:33:45]} 50. Kc6
{[%clk 0:33:14]} Nd8+ {[%clk 0:33:22]} 51. Kc7 {[%clk 0:33:18]} Ne6+
{[%clk 0:33:51]} 52. Kb7 {[%clk 0:33:20]} Nc5+ {[%clk 0:32:04]} 53. Kxa7
{[%clk 0:33:06]} Nxb3 {[%clk 0:32:33]} 54. Kxb6 {[%clk 0:32:50]} Nd4
{[%clk 0:33:02]} 55. Rxg5 Kf6 {[%clk 0:32:00]} 56. Rd5 {[%clk 0:32:41]} Nxf3
{[%clk 0:32:29]} 57. Rf5+ {[%clk 0:32:51]} Kg6 {[%clk 0:32:56]} 58. Rxf4
{[%clk 0:33:09]} Nh2 {[%clk 0:32:46]} 59. Kc5 {[%clk 0:30:15]} Kg5
{[%clk 0:33:08]} 60. Rf8 {[%clk 0:30:10]} Nxg4 {[%clk 0:33:19]} 61. Kd4
{[%clk 0:29:58]} Nf6 {[%clk 0:32:24]} 62. Rf7 {[%clk 0:27:44]} Kf5
{[%clk 0:27:55]} 63. Rg7 {[%clk 0:27:40]} Ke6 {[%clk 0:27:44]} 64. Rg1
{[%clk 0:27:52]} Kf5 {[%clk 0:28:00]} 65. Re1 {[%clk 0:26:42]} Ng4
{[%clk 0:27:31]} 66. Rf1+ {[%clk 0:26:02]} Ke6 {[%clk 0:27:46]} 67. Ke4
{[%clk 0:25:46]} Nf6+ {[%clk 0:28:09]} 68. Kd4 {[%clk 0:26:03]} Ng4
{[%clk 0:28:35]} 69. Rf4 {[%clk 0:26:07]} Nf6 {[%clk 0:28:50]} 70. Rh4
{[%clk 0:26:22]} Kf5 {[%clk 0:29:04]} 71. Kc5 {[%clk 0:25:53]} Ne4+
{[%clk 0:29:10]} 72. Kd5 {[%clk 0:26:05]} Nf6+ {[%clk 0:29:38]} 73. Kd4
{[%clk 0:26:21]} Ke6 {[%clk 0:29:33]} 74. Rf4 {[%clk 0:26:15]} Nh5
{[%clk 0:28:50]} 75. Rf3 {[%clk 0:25:54]} Nf6 {[%clk 0:29:07]} 1/2-1/2

[Event "Wolrd Chess Olympiad 2018"]
[Site "Batumi"]
[Date "2018.10.01"]
[Round "7"]
[Board "3"]
[WhiteFideId "9700099"]
[White "Marie Patrick"]
[BlackFideId "16100468"]
[Black "Abdikani Nor Mohamed"]
[Result "1-0"]
[LiveChessVersion "1.4.8"]
[BlackElo "1517"]
[WhiteElo "1955"]

1. e4 {[%clk 1:30:57]} e6 {[%clk 1:30:53]} 2. b3 {[%clk 1:31:17]} d5
{[%clk 1:30:44]} 3. Bb2 {[%clk 1:31:33]} dxe4 {[%clk 1:29:33]} 4. Nc3
{[%clk 1:31:55]} Nf6 {[%clk 1:29:57]} 5. Qe2 {[%clk 1:32:23]} Nbd7
{[%clk 1:28:52]} 6. g4 {[%clk 1:29:54]} h6 {[%clk 1:28:12]} 7. Bg2
{[%clk 1:29:43]} Be7 {[%clk 1:23:25]} 8. h4 {[%clk 1:29:37]} Nd5 {[%clk 1:14:49]}
9. Bxe4 {[%clk 1:22:24]} Nxc3 {[%clk 1:13:36]} 10. Bxc3 {[%clk 1:21:18]} Bf6
{[%clk 1:13:12]} 11. O-O-O {[%clk 1:20:57]} Nb6 {[%clk 1:07:57]} 12. d4
{[%clk 1:16:12]} Nd5 {[%clk 1:07:01]} 13. Bb2 {[%clk 1:15:53]} Bxh4
{[%clk 1:04:20]} 14. Nh3 {[%clk 1:09:05]} Bg5+ {[%clk 0:51:14]} 15. Kb1
{[%clk 1:08:19]} O-O {[%clk 0:43:31]} 16. c4 {[%clk 1:06:04]} Nf4
{[%clk 0:36:24]} 17. Nxf4 {[%clk 1:05:55]} Bxf4 {[%clk 0:36:47]} 18. Bc2
{[%clk 1:05:55]} f5 {[%clk 0:33:59]} 19. gxf5 {[%clk 0:56:00]} exf5
{[%clk 0:33:57]} 20. d5 Re8 {[%clk 0:30:24]} 21. Qh5 {[%clk 0:51:04]} Rf8
{[%clk 0:22:06]} 22. Rhg1 {[%clk 0:49:13]} Rf7 {[%clk 0:18:01]} 23. c5
{[%clk 0:38:01]} Qe7 {[%clk 0:12:42]} 24. Rde1 {[%clk 0:35:30]} Qf8
{[%clk 0:11:06]} 25. Bd3 {[%clk 0:29:16]} Bd7 {[%clk 0:10:33]} 26. Bc4
{[%clk 0:24:38]} Rf6 {[%clk 0:05:20]} 27. Bxf6 {[%clk 0:14:53]} Qxf6
{[%clk 0:05:40]} 28. d6+ {[%clk 0:12:19]} Kh8 {[%clk 0:05:38]} 29. Qf7
{[%clk 0:11:37]} Qxf7 {[%clk 0:04:53]} 30. Bxf7 {[%clk 0:12:04]} cxd6
{[%clk 0:04:43]} 31. cxd6 {[%clk 0:12:06]} g5 {[%clk 0:05:05]} 32. Re7
{[%clk 0:11:57]} Rd8 {[%clk 0:05:01]} 33. Rh1 {[%clk 0:11:27]} g4
{[%clk 0:04:53]} 34. Rd1 {[%clk 0:06:54]} Bg5 {[%clk 0:03:55]} 35. Ree1
{[%clk 0:04:25]} Kg7 {[%clk 0:03:02]} 36. Be6 {[%clk 0:03:55]} Bxe6
{[%clk 0:02:46]} 37. Rxe6 {[%clk 0:04:24]} Kf7 {[%clk 0:02:47]} 38. Re2
{[%clk 0:04:13]} h5 {[%clk 0:02:59]} 39. Re5 {[%clk 0:03:19]} Kg6
{[%clk 0:02:56]} 40. Rdd5 {[%clk 0:33:44]} Rf8 {[%clk 0:32:30]} 41. d7
{[%clk 0:34:12]} Bd8 {[%clk 0:22:21]} 42. Re8 {[%clk 0:33:33]} Kg7
{[%clk 0:22:42]} 43. Rxf8 {[%clk 0:32:29]} Kxf8 {[%clk 0:22:52]} 44. Rxf5+
{[%clk 0:32:57]} Ke7 {[%clk 0:22:46]} 45. Rxh5 {[%clk 0:33:21]} Kxd7
{[%clk 0:23:06]} 46. Kc2 {[%clk 0:25:36]} Bb6 {[%clk 0:19:42]} 47. Rh2
{[%clk 0:21:54]} Ke6 {[%clk 0:19:50]} 48. Kd3 {[%clk 0:22:23]} Kf5
{[%clk 0:20:14]} 49. Rh7 {[%clk 0:22:13]} Kg6 {[%clk 0:18:35]} 50. Rh2
{[%clk 0:22:20]} a5 {[%clk 0:16:29]} 51. Ke2 {[%clk 0:20:07]} Bc5
{[%clk 0:16:24]} 52. Rg2 {[%clk 0:18:11]} Kf5 {[%clk 0:16:29]} 53. f3
{[%clk 0:18:38]} gxf3+ {[%clk 0:16:26]} 54. Kxf3 {[%clk 0:19:06]} b6
{[%clk 0:16:20]} 55. Re2 {[%clk 0:19:10]} Bg1 56. Re8 Bc5 {[%clk 0:15:54]} 57.
Ke2 {[%clk 0:19:37]} Bg1 {[%clk 0:16:06]} 58. Kd3 {[%clk 0:20:00]} Bc5
{[%clk 0:16:11]} 59. Kc4 {[%clk 0:20:22]} Bg1 {[%clk 0:16:20]} 60. Kb5
{[%clk 0:20:44]} Bc5 {[%clk 0:14:35]} 61. Rb8 {[%clk 0:21:06]} Ke5
{[%clk 0:09:49]} 62. Rxb6 {[%clk 0:21:06]} Bxb6 {[%clk 0:09:20]} 63. Kxb6
{[%clk 0:21:35]} a4 {[%clk 0:09:00]} 64. bxa4 {[%clk 0:21:46]} Kd6
{[%clk 0:08:57]} 65. a5 {[%clk 0:22:04]} Kd7 {[%clk 0:09:05]} 66. Kb7
{[%clk 0:22:33]} 1-0

[Event "Wolrd Chess Olympiad 2018"]
[Site "Batumi"]
[Date "2018.10.01"]
[Round "7"]
[Board "1"]
[WhiteFideId "20300166"]
[White "Ntamatungiro Wilfried"]
[BlackFideId "11800011"]
[Black "Berardi Giancarlo"]
[Result "0-1"]
[LiveChessVersion "1.4.8"]
[BlackElo "1766"]
[WhiteElo "1765"]

1. e4 {[%clk 1:30:58]} c5 {[%clk 1:30:42]} 2. Nf3 {[%clk 1:30:44]} g6
{[%clk 1:30:20]} 3. c3 {[%clk 1:30:51]} Bg7 {[%clk 1:30:26]} 4. Bd3
{[%clk 1:29:47]} Nc6 {[%clk 1:30:19]} 5. Bc2 {[%clk 1:29:52]} d5 {[%clk 1:27:45]}
6. d4 {[%clk 1:27:02]} cxd4 {[%clk 1:23:12]} 7. cxd4 {[%clk 1:26:39]} dxe4
{[%clk 1:22:42]} 8. Bxe4 {[%clk 1:26:40]} Nxd4 {[%clk 1:20:33]} 9. Nxd4
{[%clk 1:21:01]} Qxd4 {[%clk 1:20:26]} 10. Qf3 {[%clk 1:20:27]} Nf6
{[%clk 1:17:43]} 11. Bc6+ {[%clk 1:16:35]} Nd7 {[%clk 1:17:25]} 12. Bd5
{[%clk 1:14:06]} O-O {[%clk 1:12:04]} 13. O-O {[%clk 1:09:57]} Ne5
{[%clk 1:10:18]} 14. Qb3 {[%clk 1:09:56]} Nc6 {[%clk 1:08:18]} 15. Nc3
{[%clk 1:07:32]} Qb4 {[%clk 1:05:22]} 16. Bg5 {[%clk 1:02:43]} Qxb3
{[%clk 1:04:10]} 17. Bxb3 {[%clk 1:03:04]} e6 {[%clk 1:03:08]} 18. Rad1
{[%clk 0:59:25]} b6 {[%clk 0:57:01]} 19. Rd2 {[%clk 0:59:25]} Ba6
{[%clk 0:54:51]} 20. Rfd1 {[%clk 0:58:43]} h6 {[%clk 0:54:14]} 21. Bh4
{[%clk 0:53:18]} g5 {[%clk 0:49:15]} 22. Bg3 {[%clk 0:53:34]} Rfd8
{[%clk 0:43:35]} 23. Bd6 {[%clk 0:46:31]} Na5 {[%clk 0:35:28]} 24. Be7
{[%clk 0:38:41]} Rxd2 {[%clk 0:33:22]} 25. Rxd2 {[%clk 0:38:30]} Nxb3
{[%clk 0:33:24]} 26. axb3 {[%clk 0:38:51]} Rc8 {[%clk 0:32:47]} 27. Rd7
{[%clk 0:36:08]} Bxc3 {[%clk 0:23:33]} 28. bxc3 {[%clk 0:36:12]} Rxc3
{[%clk 0:23:44]} 29. h3 {[%clk 0:36:23]} Rxb3 {[%clk 0:21:29]} 30. Rxa7
{[%clk 0:36:30]} Bd3 {[%clk 0:17:59]} 31. Bf6 {[%clk 0:36:29]} b5
{[%clk 0:17:17]} 32. g3 {[%clk 0:35:46]} Rb1+ {[%clk 0:16:51]} 33. Kg2
{[%clk 0:35:52]} Be4+ {[%clk 0:15:14]} 34. f3 {[%clk 0:36:02]} Bd5
{[%clk 0:15:09]} 35. h4 {[%clk 0:34:14]} gxh4 {[%clk 0:12:35]} 36. gxh4
{[%clk 0:34:34]} h5 {[%clk 0:12:48]} 37. Kg3 {[%clk 0:34:46]} Rb3
{[%clk 0:12:17]} 38. Kf4 {[%clk 0:34:39]} Rxf3+ {[%clk 0:07:57]} 39. Kg5
{[%clk 0:33:08]} Rf5+ {[%clk 0:08:08]} 40. Kh6 {[%clk 1:03:01]} Rxf6+
{[%clk 0:37:55]} 41. Kg5 {[%clk 1:02:21]} Rg6+ {[%clk 0:36:36]} 42. Kf4
{[%clk 1:02:36]} b4 {[%clk 0:35:35]} 43. Ra5 {[%clk 1:01:48]} b3 {[%clk 0:35:41]}
44. Rb5 {[%clk 1:02:05]} Rg4+ {[%clk 0:35:40]} 45. Ke5 {[%clk 1:02:10]} Kg7
{[%clk 0:35:22]} 46. Kd6 {[%clk 1:00:39]} Rxh4 {[%clk 0:35:29]} 47. Ke7
{[%clk 1:00:47]} Rf4 {[%clk 0:35:41]} 48. Kd6 {[%clk 0:59:28]} h4
{[%clk 0:35:37]} 49. Ke5 {[%clk 0:59:52]} Rf5+ {[%clk 0:35:34]} 50. Kd4
{[%clk 1:00:04]} h3 {[%clk 0:35:39]} 51. Rc5 {[%clk 0:59:36]} h2 {[%clk 0:35:37]}
52. Ke3 {[%clk 0:58:52]} h1=Q {[%clk 0:35:43]} 53. Rc7 {[%clk 0:59:10]} Qe4+
{[%clk 0:35:43]} 0-1